000 00220nam a2200097Ia 4500
008 240331s9999 xx 000 0 und d
082 _bNAR
100 _aNarashiman, S.L
245 0 _aPenniyam samoogam illakiyam
942 _cL
999 _c1520
_d1520